Biggest Trading Partners - Pakistan - Statistics

General Stats
  • This quiz has been taken 50 times
  • The average score is 26 of 29
Answer Stats
Exports Country % Correct
0.68 bil China
100%
3.79 bil China
100%
0.31 bil India
100%
1.58 bil India
100%
0.83 bil United Kingdom
100%
0.67 bil United Kingdom
100%
3.26 bil United States
100%
1.66 bil United States
100%
0.41 bil Iran
98%
0.71 bil Iran
98%
0.35 bil Saudi Arabia
98%
5.90 bil Saudi Arabia
98%
0.29 bil France
96%
1.37 bil Japan
96%
0.73 bil Germany
93%
1.04 bil Germany
93%
1.82 bil United Arab Emirates
93%
3.61 bil United Arab Emirates
93%
1.12 bil Indonesia
89%
0.58 bil South Korea
89%
0.41 bil Spain
87%
0.59 bil Italy
84%
1.59 bil Malaysia
84%
0.85 bil Qatar
84%
0.39 bil Turkey
80%
3.44 bil Kuwait
73%
0.42 bil Netherlands
64%
0.35 bil Belgium
58%
0.68 bil Singapore
58%
No matching quizzes found
Score Distribution
Percent of People with Each Score
Percentile by Number Answered
Your Score History
You have not taken this quiz